Hidden Attractions of Administration (Record no. 26731)

MARC details
000 -LEADER
fixed length control field 00912nam a2200121Ia 4500
008 - FIXED-LENGTH DATA ELEMENTS--GENERAL INFORMATION
fixed length control field 220620s9999||||xx |||||||||||||| ||und||
100 ## - MAIN ENTRY--PERSONAL NAME
Personal name Åkerström, Malin||Jacobsson, Katarina||Andersson Cederholm, Erika||Wästerfors, David
245 #0 - TITLE STATEMENT
Title Hidden Attractions of Administration
Remainder of title The Peculiar Appeal of Meetings and Documents
546 ## - LANGUAGE NOTE
Language note English[eng]
650 ## - SUBJECT ADDED ENTRY--TOPICAL TERM
Topical term or geographic name entry element administration||administrative work||attractions||bureaucratization||documents||Eigendynamik||emotional attrativeness||emotional sociology||human service organizations||meetings||meeting cultures||moral conflicts||New Public Management||pressure from above||pressure from below||Simmel||sociology of organizations||sociology of work||working life||work dynamics
856 ## - ELECTRONIC LOCATION AND ACCESS
Uniform Resource Identifier <a href="https://library.oapen.org/bitstream/20.500.12657/47882/1/9781000392272.pdf||https://library.oapen.org/bitstream/20.500.12657/47882/1/9781000392272.pdf">https://library.oapen.org/bitstream/20.500.12657/47882/1/9781000392272.pdf||https://library.oapen.org/bitstream/20.500.12657/47882/1/9781000392272.pdf</a>
942 ## - ADDED ENTRY ELEMENTS (KOHA)
Koha item type E-Books
Holdings
Withdrawn status Lost status Damaged status Not for loan Home library Current library Date acquired Total Checkouts Date last seen Price effective from Koha item type
        Kerala University of Digital Sciences, Innovation and Technology Knowledge Centre Kerala University of Digital Sciences, Innovation and Technology Knowledge Centre 20/06/2022   20/06/2022 20/06/2022 E-Books